000 00421nam a22001577a 4500
999 _c3283
_d3283
008 200326b ||||| |||| 00| 0 eng d
020 _a0080189598
082 0 0 _a536.2
_bW577
100 _92784
_aWhitaker, Stephen
245 1 0 _aElementary heat transfer analysis /
_cby Stephen Whitaker
250 _a1st ed.
260 _aNew York
_bPergamon
_c1976
300 _axvii, 369 p.
650 0 _aHeat Transmission
942 _cBK